Trắc nghiệm kiến thức ngữ pháp tiếng Anh: Ôn thi tú tài, luyện thi đại học
Cung cấp 60 bài trắc nghiệm kiến thức ngữ pháp ; 15 bài kiểm tra tổng hợp, có đáp án. Sách dành cho thí sinh ôn thi tú tài, luyện thi đại học...
Đã lưu trong:
| Tác giả chính: | |
|---|---|
| Định dạng: | Sách |
| Năm xuất bản: |
Tp HCM
Nxb Trẻ
2003
|
| Chủ đề: | |
| Tags: |
Thêm thẻ
Không có thẻ, Hãy là người đầu tiên gắn thẻ bản ghi này!
|
| LEADER | 00865nam a2200205 4500 | ||
|---|---|---|---|
| 999 | |c 5691 |d 5691 | ||
| 082 | |a 425.076 |b V400X | ||
| 100 | |a Võ Xuân Tùng | ||
| 245 | |a Trắc nghiệm kiến thức ngữ pháp tiếng Anh: |c Võ Xuân Tùng |b Ôn thi tú tài, luyện thi đại học | ||
| 260 | |a Tp HCM |b Nxb Trẻ |c 2003 | ||
| 300 | |a 388 tr. |c 21 cm | ||
| 520 | |a Cung cấp 60 bài trắc nghiệm kiến thức ngữ pháp ; 15 bài kiểm tra tổng hợp, có đáp án. Sách dành cho thí sinh ôn thi tú tài, luyện thi đại học... | ||
| 653 | |a Ngôn ngữ | ||
| 653 | |a Tiếng Anh | ||
| 653 | |a Ngữ pháp | ||
| 653 | |a Ôn tập | ||
| 653 | |a Luyện thi | ||
| 653 | |a Bài tập | ||
| 942 | |2 ddc |c SH | ||
| 952 | |0 0 |1 0 |2 ddc |4 0 |6 425_076000000000000_V400X |7 0 |8 400 |9 52152 |a qbu |b qbu |c D4 |d 2014-12-27 |g 43000 |o 425.076 V400X |p 2509.c1 |r 0000-00-00 |w 2014-12-27 |y SH | ||